| 000 | 00546nam a2200205Ia 4500 | ||
|---|---|---|---|
| 003 | IIN | ||
| 005 | 20240202165810.0 | ||
| 008 | 231217s9999 xx 000 0 und d | ||
| 020 |
_cRs.350.00 _a97893881785056 |
||
| 040 |
_aIIN _bEnglish |
||
| 082 |
_a616.0252 _bSIR |
||
| 100 | 1 | _aSira, Sanju | |
| 245 |
_aFirst Aid Manual for Nurses _cSanju Sira |
||
| 250 | _a2nd ed | ||
| 260 |
_bCBS _aNew Delhi _c2020 |
||
| 300 | _ax,198p. | ||
| 650 | 1 |
_aFirst aid _vInjury |
|
| 650 | 1 |
_aFirst aid in illness and injury _vStudy and teaching |
|
| 942 | _cBOOK | ||
| 999 |
_c1165 _d1165 |
||